| 000 | 00849nam a2200217Ii 4500 | ||
|---|---|---|---|
| 003 | JO-AjNU | ||
| 008 | 230605s9999||||xx |||||||||||||| ||und|| | ||
| 017 | _a2010/24298 | ||
| 020 | _a978-977-714-0249 | ||
| 040 |
_aJO-AjNU _bara _erda _cJO-AjNU |
||
| 041 | _aara | ||
| 050 | 1 | 4 | _aHF5438.4.2012 |
| 100 | 3 |
_aهلال، محمد عبد الغني حسن, _eauthor _944363 |
|
| 245 | 0 | 0 | _aفنون ومهارات البيع=Arts and Selling Skills: استراتيجيات البيع المتقدمة |
| 264 | 3 | 1 | _aالقاهرة: مركز تطوير الاداء والتنمية للنشر والتوزيع دبيك ؛2012 |
| 300 |
_a172ص _bيحتوي على ببلوغرافية من ص161-172ص |
||
| 336 |
_atext _btxt _2rdacontent |
||
| 337 |
_aunmediated _bn _2rdamedia |
||
| 338 |
_avolume _bnc _2rdacarrier |
||
| 650 | 4 |
_aالبيع _944364 |
|
| 999 |
_aA19148 _c22716 _d22716 |
||